000
00196 a2200097 4500
001
8319
100
_a
Eliot, G
245
_a
The Mill on the floss
260
_a
_b
Collins
_c
090
_c
6696
_d
6696
942
_a
NUST-CAE
_c
M
_c
33262
999
_c
243392
_d
243392